|
|
|
|
| LEADER |
01112pam a22002898a 4500 |
| 001 |
00045775 |
| 005 |
20200903080904.0 |
| 008 |
170518s2006 ||||||Viesd |
| 020 |
# |
# |
|c 13000
|a 9786040195746
|
| 041 |
0 |
# |
|a Vie
|
| 082 |
1 |
4 |
|a 372.5
|b M300TH
|
| 245 |
1 |
0 |
|a Mĩ thuật 1
|c Nguyễn Xuân Tiên (tổng chủ biên); Hoàng Minh Phúc (chủ biên), Nguyễn Thị Hiền, ... [những người khác]
|
| 260 |
# |
# |
|a Hà Nội
|b Giáo dục
|c 2020
|
| 300 |
# |
# |
|a 67 tr.
|c 27 cm
|
| 490 |
# |
# |
|a Chân trời sáng tạo
|
| 653 |
# |
# |
|a Lớp 1
|
| 653 |
# |
# |
|a Mĩ thuật
|
| 653 |
# |
# |
|a Sách giáo khoa
|
| 700 |
# |
# |
|a Hoàng, Minh Phúc
|e Chủ biên
|
| 700 |
# |
# |
|a Lâm, Yến Như
|
| 700 |
# |
# |
|a Nguyễn, Hồng Ngọc
|
| 700 |
# |
# |
|a Nguyễn, Minh Thiên Hoàng
|
| 700 |
# |
# |
|a Nguyễn, Thị Hiền
|
| 700 |
# |
# |
|e Tổng chủ biên
|a Nguyễn, Xuân Tiên
|
| 852 |
# |
# |
|j KGT.0060302
|j KD.0027422
|j KGT.0060300
|j KGT.0060299
|j KGT.0060301
|
| 910 |
# |
# |
|d 3/9/2020
|
| 980 |
# |
# |
|a Trung tâm Học liệu Lê Vũ Hùng, Trường Đại học Đồng Tháp
|